000 00562cam a2200181 4500
001 D8104
008 090401t1965 xxu||||| |||| 00| 0 eng d
035 _a(Sirsi) u11192
041 _aeng
050 _a336.21
110 _aRating and Valuation Association
_91873
245 _aMemorandum on rating and valuation, prepared by the Rating and Valuation Association...for consideration at the Association`s conference at Torquay in October 1965
260 _aLondon
_bRVA
_c1965
300 _aiv. 24p. 26cm
350 _a0
942 _n0
948 _c04/03/1997
999 _c86828
_d86828